| 000 | 00581nam a22002057a 4500 | ||
|---|---|---|---|
| 003 | OSt | ||
| 005 | 20140310183016.0 | ||
| 008 | 130212t xxu||||| |||| 00| 0 eng d | ||
| 020 | _a9789715845359 | ||
| 050 |
_aLB 1765.P6 _b.R47 2007 |
||
| 100 | _aResuma, Vilma M. | ||
| 245 |
_aPagsusulit sa pagkuha ng lisensiya para sa mga guro : _cVilma M. Resuma. _b(LET) reviewer sa Filipino / |
||
| 260 |
_aQuezon City : _bC & E Pub., _c2007. |
||
| 300 |
_a72 p. : _bill. ; _c26 cm. |
||
| 521 | _aEDU | ||
| 562 | _e2 | ||
| 942 |
_2lcc _cBK _kLOC |
||
| 999 |
_c18302 _d18302 |
||